Países con 'S' - Estadísticas

Estadísticas generales
  • Esta prueba ha sido intentada 52 veces
    38 desde el último reinicio
  • La puntuación promedio es 9 de 20
Estadísticas de respuestas
País % Correcto
Suecia
74%
Somalia
70%
Suiza
70%
San Marino
67%
Serbia
67%
Senegal
63%
Samoa
56%
Santa Lucia
56%
Siria
52%
Sudáfrica
48%
Surinam
48%
Seychelles
44%
Singapur
41%
Sudán
41%
Santo Tomé y Príncipe
37%
Sierra Leona
37%
Sudán del Sur
33%
Sri Lanka
30%
San Kitts
11%
San Vicenzo y las Granadinas
0%
No se encontraron pruebas coincidentes
Distribución de puntuación
Porcentaje de gente con cada puntuación
Porcentaje por número respondido
Historial de tus puntuaciones
No has intentado esta prueba desde el último reinicio